[Event "69th ch-RUS HL 2016"]
[Site "Kolomna RUS"]
[Date "2016.06.30"]
[Round "8.9"]
[White "Kryakvin, Dmitry"]
[Black "Rakhmanov, Aleksandr"]
[Result "1/2-1/2"]
[WhiteTitle "GM"]
[BlackTitle "GM"]
[WhiteElo "2547"]
[BlackElo "2655"]
[WhiteFideId "4153278"]
[BlackFideId "4173708"]
[EventDate "2016.06.22"]

1. d4 Nf6 2. c4 d6 3. Nc3 Bf5 4. g3 e5 5. d5 Be7 6. Bg2 e4 7. Qc2 O-O 8. Nxe4
Kh8 9. e3 Na6 10. Ne2 Nc5 11. f3 a5 12. Bd2 Bxe4 13. fxe4 Ng4 14. O-O Bg5 15.
Nf4 Qe7 16. Bc3 Bf6 17. Bd4 Be5 18. Rae1 Kg8 19. b3 Nf6 20. Re2 Rae8 21. Kh1 g6
22. Bf3 Nfd7 23. Bg4 b6 24. Bxd7 Nxd7 25. Nd3 Qg5 26. Nxe5 Nxe5 27. Rf4 Re7 28.
Kg2 Rfe8 29. Ref2 Ng4 30. R2f3 Ne5 31. Rf1 Rf8 32. Qe2 h5 33. h3 Ree8 34. R1f2
Nd7 35. Qf3 Re7 36. Kh2 Ne5 37. Qe2 Qh6 38. Qf1 Nd7 39. Kg2 Qg5 40. R2f3 Qh6 41.
Kh1 Qh7 42. Rf2 Rfe8 43. Kh2 Rf8 44. g4 hxg4 45. Rxg4 Ne5 46. Rg3 Kg7 47. Rg5
Qh6 48. Qg2 f6 49. Bxe5 Rxe5 50. Rxe5 fxe5 51. Rxf8 Kxf8 52. Qf3+ Ke7 53. Kg2
Kd8 54. Qf6+ Kc8 55. h4 Kb7 56. Kf2 Qh5 57. Kg3 Qd1 58. Qf2 Ka6 59. Qf3 Qg1+ 60.
Kh3 Kb7 61. Qg3 Qh1+ 62. Kg4 Qxe4+ 63. Kg5 Qf5+ 64. Kh6 Qf8+ 65. Kh7 1/2-1/2

[Event "69th ch-RUS HL 2016"]
[Site "Kolomna RUS"]
[Date "2016.06.30"]
[Round "8.10"]
[White "Romanov, Evgeny"]
[Black "Gabrielian, Artur"]
[Result "1/2-1/2"]
[WhiteTitle "GM"]
[BlackTitle "GM"]
[WhiteElo "2642"]
[BlackElo "2520"]
[WhiteFideId "4148843"]
[BlackFideId "4131002"]
[EventDate "2016.06.22"]

1. d4 Nf6 2. Bg5 Ne4 3. Bf4 c5 4. f3 Qa5+ 5. c3 Nf6 6. d5 Qb6 7. Bc1 d6 8. e4 g6
9. Na3 Bg7 10. Nc4 Qd8 11. a4 O-O 12. Ne2 b6 13. Nf4 Ba6 14. Bd3 Nbd7 15. O-O
Bxc4 16. Bxc4 Ne8 17. Bb5 a6 18. Be2 Nc7 19. Be3 b5 20. Qd2 c4 21. Bd1 Bh6 22.
Ne2 Bxe3+ 23. Qxe3 Nc5 24. Bc2 Qd7 25. a5 Rae8 26. Rfd1 e6 27. dxe6 N7xe6 28.
Rd2 Qc7 29. f4 f5 30. exf5 Ng7 31. Qf3 Nxf5 32. Bxf5 Nb3 33. Bxg6 hxg6 34. Rad1
Nxd2 35. Rxd2 Rf6 36. h3 Qxa5 37. Qc6 Qd8 38. Qxa6 d5 39. Qxb5 Qb6+ 40. Qxb6
Rxb6 41. Kf2 Rb5 42. Nd4 Rb6 1/2-1/2

[Event "69th ch-RUS HL 2016"]
[Site "Kolomna RUS"]
[Date "2016.06.30"]
[Round "8.11"]
[White "Kobalia, Mikhail"]
[Black "Vavulin, Maksim"]
[Result "1/2-1/2"]
[WhiteTitle "GM"]
[BlackTitle "IM"]
[WhiteElo "2638"]
[BlackElo "2507"]
[WhiteFideId "4119150"]
[BlackFideId "4169530"]
[EventDate "2016.06.22"]

1. e4 e5 2. Nf3 Nc6 3. Bb5 a6 4. Ba4 d6 5. Bxc6+ bxc6 6. d4 f6 7. c4 Ne7 8. Nc3
Ng6 9. Be3 Be7 10. h3 Be6 11. Qe2 Qb8 12. O-O-O Qb4 13. d5 cxd5 14. Nxd5 Bxd5
15. Rxd5 c6 16. Rd2 O-O 17. Qd3 Rab8 18. Kb1 Rb7 19. Rc1 Rd7 20. Qc2 Rfd8 21. g4
Nf8 22. Rd3 Qb7 23. Qa4 d5 24. cxd5 cxd5 25. Rxd5 Rxd5 26. exd5 Rxd5 27. Nd2 Kf7
28. Qc6 Qb5 29. Qxb5 axb5 30. Ne4 b4 31. Rc7 Rd7 32. Rxd7 Nxd7 33. Kc2 Ke6 34.
Kb3 Kd5 35. f3 Nb8 36. a4 bxa3 37. bxa3 Nc6 38. a4 Na5+ 39. Kc3 Nc4 40. Bc1 Na5
41. Kd3 g6 42. Bd2 Nb3 43. Be3 f5 44. Nd2 Na5 45. Bb6 Nc6 46. a5 Nb4+ 47. Kc3
fxg4 48. fxg4 h5 49. gxh5 gxh5 50. Nf1 Na6 51. Ne3+ Ke4 52. Nc2 Kd5 53. Ne3+ Ke4
54. Kc4 Bb4 55. Nd5 Be1 56. Nf6+ Kf5 57. Nd7 e4 58. Kb5 Nb4 59. Be3 Nd5 60. a6
Nc7+ 61. Kb6 Nxa6 62. Kxa6 Bg3 63. Kb5 Bf4 64. Bf2 Bd2 65. Bg3 h4 66. Bxh4 Kf4
67. Kc4 Kf3 68. Bf6 Kg3 69. h4 Kg4 70. Kd4 Be1 71. Ne5+ Kh5 72. Kxe4 Bxh4 73.
Bxh4 1/2-1/2

[Event "69th ch-RUS HL 2016"]
[Site "Kolomna RUS"]
[Date "2016.06.30"]
[Round "8.12"]
[White "Khairullin, Ildar"]
[Black "Moiseenko, Vadim"]
[Result "1-0"]
[WhiteTitle "GM"]
[BlackTitle "IM"]
[WhiteElo "2629"]
[BlackElo "2497"]
[WhiteFideId "4151348"]
[BlackFideId "4123700"]
[EventDate "2016.06.22"]

1. d4 f5 2. Nf3 Nf6 3. g3 e6 4. Bg2 d5 5. O-O Bd6 6. c4 c6 7. b3 Qe7 8. Ne5 O-O
9. Nd2 b6 10. cxd5 exd5 11. Ndf3 Ne4 12. Bb2 Bb7 13. Rc1 a5 14. e3 Qe8 15. Nd3
Na6 16. Nf4 Rc8 17. Re1 Qe7 18. Re2 Nb4 19. a3 Na6 20. Ra1 Rc7 21. Rc2 Rfc8 22.
Qe1 Nb8 23. Nd3 Nd7 24. a4 Nb8 25. Nfe5 Na6 26. Bh3 Qf8 27. f3 Ng5 28. Bg2 c5
29. h4 Ne6 30. f4 Nb4 31. Nxb4 axb4 32. dxc5 Nxc5 33. Qd1 Ne4 34. Rxc7 Rxc7 35.
Bd4 Bxe5 36. Bxe5 Qc5 37. Bxe4 Qxe3+ 38. Kh2 fxe4 39. Bxc7 Qf2+ 40. Kh3 Bc8+ 41.
g4 d4 42. f5 h5 43. Bg3 Qe3 44. a5 g6 45. axb6 gxf5 46. gxf5 Bxf5+ 47. Kh2 1-0

[Event "69th ch-RUS HL 2016"]
[Site "Kolomna RUS"]
[Date "2016.06.30"]
[Round "8.13"]
[White "Lobanov, Sergei"]
[Black "Volkov, Sergey"]
[Result "0-1"]
[BlackTitle "GM"]
[WhiteElo "2433"]
[BlackElo "2604"]
[WhiteFideId "24183750"]
[BlackFideId "4122763"]
[EventDate "2016.06.22"]

1. e4 e6 2. d4 d5 3. Nc3 Nf6 4. e5 Nfd7 5. f4 c5 6. Nf3 Nc6 7. Be3 Be7 8. Qd2 b6
9. O-O-O a6 10. g4 c4 11. f5 b5 12. Ne2 b4 13. Kb1 Qa5 14. b3 Nb6 15. Ng3 Rb8
16. Nh5 Bf8 17. f6 g6 18. Ng7+ Kd8 19. h4 h6 20. Ka1 Na7 21. bxc4 Bb7 22. Bxh6
dxc4 23. d5 Bxd5 24. Ng5 c3 25. Nxf7+ Kc8 26. Qxd5 Nxd5 27. Bc4 b3 28. cxb3 c2
29. Rd3 Rxh6 30. Nxh6 Qa3 0-1

[Event "69th ch-RUS HL 2016"]
[Site "Kolomna RUS"]
[Date "2016.06.30"]
[Round "8.14"]
[White "Grachev, Boris"]
[Black "Chigaev, Maksim"]
[Result "1/2-1/2"]
[WhiteTitle "GM"]
[BlackTitle "IM"]
[WhiteElo "2639"]
[BlackElo "2542"]
[WhiteFideId "4129199"]
[BlackFideId "4108116"]
[EventDate "2016.06.22"]

1. d4 g6 2. e4 Bg7 3. Nf3 d6 4. c3 Nf6 5. Bd3 O-O 6. O-O Nc6 7. h3 e5 8. Nbd2 a6
9. Re1 Bd7 10. Nb3 Re8 11. Bd2 a5 12. a4 b6 13. Qc2 Qe7 14. d5 Nb8 15. Be3 Qf8
16. Nbd2 Bh6 17. Bxh6 Qxh6 18. b4 Nh5 19. Bb5 Rf8 20. Nc4 Nf4 21. Ne3 Bc8 22. h4
f5 23. Bf1 fxe4 24. Qxe4 Nh3+ 25. gxh3 Rf4 26. Ng4 Qf8 27. Ng5 Rxe4 28. Rxe4 Bf5
29. Rc4 Na6 30. Ne3 Bd7 31. Ne6 Qe7 32. Nxc7 Nxc7 33. Rxc7 Qd8 34. Rc6 Qxh4 35.
Rxd6 Rf8 36. Ra2 Bxh3 37. Bxh3 Qxh3 38. bxa5 Rf4 39. Ng2 Rg4 40. f3 Qxf3 41.
axb6 Qe3+ 42. Rf2 Qe1+ 43. Rf1 Qd2 44. Rf2 Qe1+ 45. Rf1 Qxc3 46. Rd8+ Kg7 47. b7
Qb2 48. Rd7+ Kh6 49. Rf2 Qb1+ 50. Kh2 Rxa4 51. Rf3 Ra1 52. Rh3+ Kg5 53. Rg3+ Kh6
54. Rh3+ Kg5 55. Rg3+ Kh6 56. Rh3+ Kg5 1/2-1/2

[Event "69th ch-RUS HL 2016"]
[Site "Kolomna RUS"]
[Date "2016.06.30"]
[Round "8.15"]
[White "Gordievsky, Dmitry"]
[Black "Khismatullin, Denis"]
[Result "0-1"]
[WhiteTitle "IM"]
[BlackTitle "GM"]
[WhiteElo "2523"]
[BlackElo "2623"]
[WhiteFideId "24112798"]
[BlackFideId "4142578"]
[EventDate "2016.06.22"]

1. Nf3 d5 2. d4 Nf6 3. c4 e6 4. Nc3 c6 5. Qd3 b6 6. g3 Ba6 7. b3 b5 8. Qc2 bxc4
9. bxc4 Bxc4 10. Ne5 Ba6 11. Qa4 Nfd7 12. Bf4 Nb6 13. Qa5 Bd6 14. Na4 Bc7 15.
Nf3 Bxf4 16. gxf4 Nxa4 17. Qxa4 Bb5 18. Qa3 Qe7 19. Qc3 O-O 20. a4 Ba6 21. Rg1
Rc8 22. Ne5 f6 23. Nf3 c5 24. Qa3 Nd7 25. Bh3 Rc7 26. dxc5 Nxc5 27. Nd4 f5 28.
Bf1 Qh4 29. Qg3 Qf6 30. e3 Ne4 31. Qf3 Bxf1 32. Rxf1 Qe7 33. Ke2 Rb8 0-1

[Event "69th ch-RUS HL 2016"]
[Site "Kolomna RUS"]
[Date "2016.06.30"]
[Round "8.16"]
[White "Antipov, Mikhail Al."]
[Black "Sviridov, Valery"]
[Result "1/2-1/2"]
[WhiteTitle "GM"]
[WhiteElo "2584"]
[BlackElo "2517"]
[WhiteFideId "4107012"]
[BlackFideId "4120680"]
[EventDate "2016.06.22"]

1. e4 Nf6 2. e5 Nd5 3. d4 d6 4. exd6 cxd6 5. Nf3 Bg4 6. c3 e6 7. Nbd2 Be7 8. Ne4
Bf5 9. Ng3 Bg6 10. Qb3 Qc7 11. Bc4 Nb6 12. Bb5+ Nc6 13. O-O O-O 14. Re1 Na5 15.
Qd1 Nac4 16. b3 Na5 17. h4 Nd5 18. Bd2 h6 19. h5 Bh7 20. Bf1 Nf6 21. c4 Nc6 22.
d5 exd5 23. cxd5 Ne5 24. Rc1 Qd7 25. Bc3 Rad8 26. a4 a6 27. Bb2 Nfg4 28. Nxe5
Nxe5 29. Be2 Bg5 30. Rc3 Rc8 31. Rxc8 Rxc8 32. Bf1 Bf6 33. Ba1 Bg5 34. Bxe5 dxe5
35. Bd3 f5 36. d6 Kh8 37. Bc4 Bf6 38. Qd3 Rc5 39. Rd1 b5 40. axb5 axb5 41. Bd5
e4 42. Qe2 Rc8 43. b4 Be5 44. Nf1 Bxd6 45. Bb3 f4 46. Rd5 Bg8 47. Qxe4 Bxd5 48.
Qxd5 Qc6 49. Qd4 Rd8 50. Qd3 Be7 51. Qf5 Rf8 52. Qd3 Rc8 53. Ba2 Qc2 54. Qd7 Bh4
55. Bb1 Bxf2+ 56. Kh2 Bg3+ 57. Kh3 Qc4 58. Nd2 Qg8 59. Nf3 Rc1 60. Bf5 Ra1 61.
Ne5 Rh1+ 62. Kg4 Rh4+ 63. Kf3 Qb3+ 64. Bd3 Qd1+ 65. Ke4 f3+ 66. Kd5 Qb3+ 67. Bc4
Qd1+ 68. Bd3 Qb3+ 69. Bc4 Rd4+ 70. Kxd4 Qb2+ 71. Kc5 Qxe5+ 72. Bd5 Qb8 73. Bxf3
Bf2+ 74. Kd5 Be1 75. Qe7 Qg8+ 76. Kc6 Qc4+ 77. Kb6 Bxb4 78. Qe8+ 1/2-1/2

[Event "69th ch-RUS HL 2016"]
[Site "Kolomna RUS"]
[Date "2016.06.30"]
[Round "8.17"]
[White "Bocharov, Ivan"]
[Black "Pridorozhni, Aleksei"]
[Result "0-1"]
[WhiteTitle "FM"]
[BlackTitle "GM"]
[WhiteElo "2517"]
[BlackElo "2552"]
[WhiteFideId "4180887"]
[BlackFideId "4127870"]
[EventDate "2016.06.22"]

1. e4 c5 2. Nf3 e6 3. g3 Nc6 4. Bg2 Nf6 5. Qe2 e5 6. O-O Be7 7. c3 O-O 8. Na3
Re8 9. Rd1 Bf8 10. d3 h6 11. Nh4 d5 12. Nf5 d4 13. h3 Kh7 14. g4 g6 15. Ng3 Nd7
16. Rf1 Bg7 17. Nc4 Nf8 18. f4 exf4 19. Bxf4 dxc3 20. bxc3 Bxc3 21. Rac1 Bg7 22.
Kh1 Ne6 23. Bd2 Ned4 24. Qf2 Be6 25. Bf4 Bxc4 26. dxc4 Re7 27. Rfd1 Rd7 28. Nf1
Ne6 29. Rd5 Nb4 30. Rxd7 Qxd7 31. Bg3 Nd3 32. Qd2 Rd8 33. Rb1 Be5 34. Bxe5 Nxe5
35. Qb2 Nxc4 36. Qxb7 Nb6 37. Qxd7 Rxd7 38. Ne3 Nf4 39. Rc1 Rd3 40. Re1 Nxg2 41.
Kxg2 Rd2+ 42. Kf3 Rxa2 43. Rc1 Ra5 44. Nd5 Kg7 45. Ne7 c4 46. Nc6 Ra3+ 47. Kf4
a5 48. h4 a4 49. Na5 Ra2 50. Nxc4 Nxc4 51. Rxc4 a3 52. Ra4 Ra1 53. g5 a2 54. Ke5
h5 55. Ra8 Rh1 56. Rxa2 Rxh4 57. Rg2 Rh1 58. Kf4 Rf1+ 59. Kg3 Kf8 60. Ra2 Rg1+
61. Kf4 Rg4+ 62. Ke5 Kg7 63. Ra7 Rxg5+ 64. Kf4 Rg1 65. e5 Re1 66. Ra5 Rf1+ 67.
Ke4 h4 0-1

[Event "69th ch-RUS HL 2016"]
[Site "Kolomna RUS"]
[Date "2016.06.30"]
[Round "8.18"]
[White "Gavrilov, Alexei1"]
[Black "Shaposhnikov, Evgeny"]
[Result "0-1"]
[WhiteTitle "GM"]
[BlackTitle "GM"]
[WhiteElo "2466"]
[BlackElo "2545"]
[WhiteFideId "4104358"]
[BlackFideId "4122232"]
[EventDate "2016.06.22"]

1. d4 Nf6 2. c4 e6 3. Nf3 b6 4. g3 Bb4+ 5. Bd2 Bxd2+ 6. Qxd2 Ba6 7. b3 O-O 8.
Bg2 d5 9. O-O c5 10. Rd1 Nc6 11. cxd5 exd5 12. dxc5 bxc5 13. Nc3 d4 14. Na4 Re8
15. Nxc5 Bxe2 16. Nxd4 Bxd1 17. Bxc6 Bg4 18. Bxe8 Qxe8 19. Re1 Qd8 20. b4 Qd5
21. f3 Bxf3 22. Nxf3 Qxf3 23. Qg2 Qxg2+ 24. Kxg2 Kf8 25. Kf3 Rd8 26. Re3 Rd4 27.
b5 Rd5 28. Rc3 Rf5+ 29. Ke2 Rh5 30. h4 Ke7 31. a4 Nd5 32. Rc4 Nb6 33. Rc1 Re5+
34. Kf3 Rf5+ 35. Ke4 g6 36. g4 Rf2 37. a5 Nc8 38. Nd3 Nd6+ 39. Ke3 Rh2 40. b6
axb6 41. axb6 Rxh4 42. Rc7+ Ke8 43. Rc6 Ke7 44. Kd4 Rh1 45. Rc7+ Kd8 46. Kc5 Rb1
47. Ne5 Ne4+ 48. Kc6 Rc1+ 49. Kb7 Nc5+ 50. Ka8 Ke8 51. Nxf7 Ra1+ 52. Ra7 Rd1 53.
b7 Nxb7 54. Rxb7 h5 55. g5 Rd7 56. Nh8 Rxb7 57. Kxb7 h4 58. Nxg6 h3 59. Ne5 h2
60. Kc6 h1=Q+ 61. Kd6 Kf8 62. Ke6 Qf1 63. Ng6+ Kg7 64. Ne5 Qf4 0-1

[Event "69th ch-RUS HL 2016"]
[Site "Kolomna RUS"]
[Date "2016.06.30"]
[Round "8.19"]
[White "Popov, Ivan RUS"]
[Black "Cherniaev, Alexander"]
[Result "1-0"]
[WhiteTitle "GM"]
[BlackTitle "GM"]
[WhiteElo "2648"]
[BlackElo "2451"]
[WhiteFideId "4170350"]
[BlackFideId "4117301"]
[EventDate "2016.06.22"]

1. e4 c5 2. Nf3 Nc6 3. Nc3 e5 4. Bc4 Be7 5. d3 d6 6. O-O Nf6 7. Ng5 O-O 8. f4 h6
9. Nf3 exf4 10. Bxf4 Be6 11. Nd5 Bxd5 12. exd5 Na5 13. a3 Nxc4 14. dxc4 Re8 15.
Qd3 Bf8 16. Nd2 g6 17. h3 Bg7 18. c3 Qe7 19. Rf2 Nd7 20. Raf1 f5 21. Qg3 Qf6 22.
Bxd6 b6 23. h4 h5 24. Nf3 Re4 25. Bf4 Rae8 26. Ng5 Rxc4 27. Qd3 b5 28. d6 Nb6
29. Re2 Rxe2 30. Qxe2 Rxf4 31. Qe8+ Bf8 32. Rxf4 1-0

[Event "69th ch-RUS HL 2016"]
[Site "Kolomna RUS"]
[Date "2016.06.30"]
[Round "8.20"]
[White "Esipenko, Andrey"]
[Black "Demchenko, Anton"]
[Result "0-1"]
[WhiteTitle "FM"]
[BlackTitle "GM"]
[WhiteElo "2471"]
[BlackElo "2611"]
[WhiteFideId "24175439"]
[BlackFideId "4160258"]
[EventDate "2016.06.22"]

1. e4 e5 2. Nf3 Nc6 3. Bb5 g6 4. c3 a6 5. Ba4 d6 6. d4 Bd7 7. O-O Bg7 8. Re1
Nge7 9. d5 Nb8 10. Bxd7+ Nxd7 11. c4 O-O 12. Nc3 h6 13. Rb1 f5 14. b4 Nf6 15. a4
f4 16. c5 g5 17. h3 b6 18. Ba3 Rf7 19. Rc1 Bf8 20. cxb6 cxb6 21. b5 a5 22. Nb1
Rg7 23. Rc6 Nxc6 24. dxc6 d5 25. exd5 Qxd5 26. Qxd5+ Nxd5 27. Rxe5 Rd8 28. Bxf8
Kxf8 29. Nd4 Re7 30. Rf5+ Kg7 31. Nd2 Re1+ 32. Kh2 Ne7 33. N2f3 Nxf5 34. Nxf5+
Kg6 35. c7 Rc8 36. Nd6 Ree8 37. Nxe8 Rxe8 38. Ne5+ Kh7 39. g4 Rc8 40. Nd7 Rxc7
41. Nxb6 Kg7 42. Nd5 Rd7 43. Nc3 Rd4 44. b6 Rd6 0-1

[Event "69th ch-RUS HL 2016"]
[Site "Kolomna RUS"]
[Date "2016.06.30"]
[Round "8.21"]
[White "Novikov, Maxim"]
[Black "Kozionov, Kirill"]
[Result "0-1"]
[WhiteTitle "GM"]
[BlackTitle "IM"]
[WhiteElo "2513"]
[BlackElo "2440"]
[WhiteFideId "4161289"]
[BlackFideId "24101729"]
[EventDate "2016.06.22"]

1. e4 c5 2. Nf3 d6 3. Bb5+ Nd7 4. c3 Nf6 5. Qe2 a6 6. Ba4 b5 7. Bc2 Bb7 8. O-O
e5 9. d4 Be7 10. Rd1 Qc7 11. dxe5 dxe5 12. c4 b4 13. Bg5 O-O 14. Nbd2 Rfd8 15.
Nf1 Nf8 16. Bxf6 Bxf6 17. Ne3 Ne6 18. Nd5 Bxd5 19. exd5 Nd4 20. Nxd4 cxd4 21.
Ba4 Qc5 22. Bc6 Rab8 23. b3 g6 24. Rd3 Bg7 25. f4 exf4 26. Re1 Rd6 27. Qe7 Rf8
28. Kf1 Bf6 29. Qe4 Bg7 30. Re2 g5 31. Qf3 Rh6 32. h3 Qd6 33. Kg1 Rh4 34. Re4
Kh8 35. Qf2 Qg6 36. Rdxd4 Bxd4 37. Qxd4+ Kg8 38. Bd7 f3 39. gxf3 Rd8 40. Qe5
Rxe4 41. fxe4 Rxd7 42. Qe8+ Kg7 43. Qxd7 Qxe4 44. d6 Qb1+ 45. Kf2 Qxa2+ 46. Ke3
Qxb3+ 47. Kd4 Qc3+ 48. Kd5 Qd3+ 49. Kc5 b3 50. Qe7 Qf5+ 51. Kc6 b2 52. d7 Qf3+
53. Kd6 Qd3+ 54. Ke5 Qe3+ 55. Kd6 Qd4+ 0-1

[Event "69th ch-RUS HL 2016"]
[Site "Kolomna RUS"]
[Date "2016.06.30"]
[Round "8.22"]
[White "Yuffa, Daniil"]
[Black "Khegay, Dmitriy"]
[Result "0-1"]
[WhiteTitle "IM"]
[BlackTitle "FM"]
[WhiteElo "2502"]
[BlackElo "2434"]
[WhiteFideId "24131423"]
[BlackFideId "24153729"]
[EventDate "2016.06.22"]

1. d4 Nf6 2. c4 e6 3. g3 d5 4. Nf3 Be7 5. Bg2 O-O 6. O-O c6 7. Nc3 Nbd7 8. Qd3
b6 9. cxd5 cxd5 10. Bf4 Bb7 11. Nb5 Ne4 12. Rac1 a6 13. Rc7 axb5 14. Rxb7 Ndc5
15. dxc5 Nxc5 16. Qxb5 Nxb7 17. a3 Nd6 18. Qb3 Nc4 19. Nd4 Bf6 20. Rd1 Bxd4 21.
Rxd4 Qf6 22. Rxc4 dxc4 23. Qxb6 Rad8 24. Be4 e5 25. Qxf6 gxf6 26. Bh6 Rd1+ 27.
Kg2 Rb8 0-1

[Event "69th ch-RUS HL 2016"]
[Site "Kolomna RUS"]
[Date "2016.06.30"]
[Round "8.23"]
[White "Bezgodov, Alexei"]
[Black "Yanchenko, Roman"]
[Result "1-0"]
[WhiteTitle "GM"]
[BlackTitle "FM"]
[WhiteElo "2493"]
[BlackElo "2414"]
[WhiteFideId "4105257"]
[BlackFideId "4137329"]
[EventDate "2016.06.22"]

1. e4 e5 2. Nf3 Nf6 3. Nxe5 d6 4. Nf3 Nxe4 5. d4 d5 6. Bd3 Bd6 7. O-O O-O 8. c4
c6 9. cxd5 cxd5 10. Nc3 Nxc3 11. bxc3 Nc6 12. h3 Qc7 13. Re1 Bd7 14. Qb3 Ne7 15.
Ba3 Bc6 16. Re3 Nc8 17. Rae1 Nb6 18. Ne5 Rae8 19. h4 f6 20. Nxc6 Rxe3 21. Rxe3
Qxc6 22. Bxd6 Qxd6 23. Qc2 h6 24. Qe2 f5 25. Re5 Nd7 26. Rxd5 Qc7 27. Qe6+ Rf7
28. Rxf5 Nf8 29. Qb3 b5 30. Bxb5 1-0

[Event "69th ch-RUS HL 2016"]
[Site "Kolomna RUS"]
[Date "2016.06.30"]
[Round "8.24"]
[White "Savchenko, Boris"]
[Black "Triapishko, Olexandr"]
[Result "1-0"]
[WhiteTitle "GM"]
[WhiteElo "2633"]
[BlackElo "2466"]
[WhiteFideId "4147332"]
[BlackFideId "14122286"]
[EventDate "2016.06.22"]

1. e4 e5 2. f4 exf4 3. Bc4 d5 4. Bxd5 Nf6 5. Nc3 Bb4 6. Nf3 O-O 7. O-O c6 8. Bc4
Qe7 9. d4 Bxc3 10. bxc3 Nxe4 11. Re1 Bf5 12. Nd2 Nd7 13. Nxe4 Bxe4 14. Bxf4 Rae8
15. Qg4 Kh8 16. a4 f5 17. Qg3 Qd8 18. Rab1 b6 19. Re2 Nf6 20. Be5 Nh5 21. Qf2
Nf6 22. Qg3 Nh5 23. Qe3 Nf6 24. Qg5 Qe7 25. Rf1 Nd5 26. Qxe7 Nxe7 27. g4 Ng6 28.
Bd6 Rf6 29. gxf5 Rxd6 30. Rfe1 Rf8 31. Rxe4 Rxf5 32. Re8+ Rf8 33. Rxf8+ Nxf8 34.
Re7 g5 35. Rxa7 Nd7 36. Rb7 h5 37. Bd3 c5 38. Bb5 Nf6 39. dxc5 Rd1+ 40. Bf1 bxc5
41. a5 Ne4 42. a6 Nd2 43. a7 Rxf1+ 44. Kg2 Ra1 45. Rb8+ Kg7 46. a8=Q Rxa8 47.
Rxa8 Kf6 48. Rh8 h4 49. Kh3 Ne4 50. Kg4 Kg7 51. Rc8 Kf6 52. Kf3 Nd2+ 53. Ke2 Ne4
54. Ke3 Kf5 55. h3 Ng3 56. Rxc5+ Kf6 57. Kf3 1-0

[Event "69th ch-RUS HL 2016"]
[Site "Kolomna RUS"]
[Date "2016.06.30"]
[Round "8.26"]
[White "Iljiushenok, Ilia"]
[Black "Oganian, Miran"]
[Result "1/2-1/2"]
[WhiteTitle "IM"]
[BlackTitle "IM"]
[WhiteElo "2495"]
[BlackElo "2433"]
[WhiteFideId "24105074"]
[BlackFideId "4122488"]
[EventDate "2016.06.22"]

1. e4 c5 2. Nf3 d6 3. d4 cxd4 4. Nxd4 Nf6 5. Nc3 a6 6. Be2 e5 7. Nb3 Be7 8. O-O
Be6 9. Bf3 Nbd7 10. Re1 Qc7 11. a4 O-O 12. Nd2 Rab8 13. a5 b5 14. axb6 Nxb6 15.
Rxa6 d5 16. exd5 Nbxd5 17. Nxd5 Nxd5 18. c3 Rfd8 19. g3 Bg5 20. Ra3 Nb6 21. Be2
Bf5 22. Rf1 Bxd2 23. Bxd2 Nc4 24. Bxc4 Qxc4 25. Qh5 Bg4 26. Qxe5 Bh3 27. Re1 Qc6
28. f3 Qxf3 29. Qe2 Qc6 30. Ra6 Qd7 31. Be3 Re8 32. Ra7 Qd5 33. c4 Qc6 34. Qc2
Rbd8 35. Raa1 h5 36. b4 Re4 37. b5 Qg6 38. Qf2 Rxc4 39. b6 Qc6 40. Ra7 f6 41.
Rc7 Qd5 42. Qa2 Rb4 43. Qxd5+ Rxd5 44. Bh6 Kh7 45. Bxg7 Kg6 46. Bf8 Rb2 47. Rg7+
Kf5 48. Rh7 Kg6 49. Rg7+ Kf5 50. Rh7 Kg4 51. Re4+ Kf3 52. Rf4+ Ke3 53. Re7+ Re5
54. Rxe5+ fxe5 55. Bc5+ Kd3 56. Rb4 Rg2+ 57. Kh1 Rc2 58. Rb3+ Kc4 59. b7 Kxc5
60. Kg1 Rg2+ 61. Kh1 Rc2 62. Kg1 Rg2+ 63. Kh1 Ra2 1/2-1/2

[Event "69th ch-RUS HL 2016"]
[Site "Kolomna RUS"]
[Date "2016.06.30"]
[Round "8.27"]
[White "Goryachkina, Aleksandra"]
[Black "Truskavetsky, Alexandr"]
[Result "1/2-1/2"]
[WhiteTitle "WGM"]
[BlackTitle "IM"]
[WhiteElo "2486"]
[BlackElo "2389"]
[WhiteFideId "4147103"]
[BlackFideId "14108577"]
[EventDate "2016.06.22"]

1. d4 Nf6 2. c4 e6 3. g3 Bb4+ 4. Nd2 d5 5. Bg2 Nc6 6. Nf3 dxc4 7. O-O c3 8. Nc4
cxb2 9. Bxb2 O-O 10. Qb3 a5 11. a3 Be7 12. Rfd1 a4 13. Qc2 Na5 14. Nxa5 Rxa5 15.
Ne5 c6 16. e4 Ra6 17. Rd3 Nd7 18. Nc4 b5 19. Ne3 Qb6 20. Rc1 Bb7 21. d5 c5 22.
dxe6 Qxe6 23. Nf5 Bf6 24. Bxf6 Nxf6 25. Qxc5 Rc6 26. Ne7+ Qxe7 27. Qxe7 Rxc1+
28. Bf1 Bc6 29. Rd8 Rxd8 30. Qxd8+ Ne8 31. Qd2 Rc5 32. f3 h6 33. Bh3 Rc4 34. Kf2
g6 35. e5 Ng7 36. Bd7 Bxd7 37. Qxd7 Rc2+ 38. Ke1 Rb2 39. Qd8+ Kh7 40. Qd7 Kg8
41. Qd8+ Kh7 42. Qd7 Rb3 1/2-1/2

[Event "69th ch-RUS HL 2016"]
[Site "Kolomna RUS"]
[Date "2016.06.30"]
[Round "8.28"]
[White "Vasilyev, Vasily"]
[Black "Sarana, Alexey"]
[Result "0-1"]
[WhiteTitle "FM"]
[BlackTitle "IM"]
[WhiteElo "2307"]
[BlackElo "2422"]
[WhiteFideId "24102180"]
[BlackFideId "24133795"]
[EventDate "2016.06.22"]

1. d4 Nf6 2. Nf3 g6 3. c4 Bg7 4. Nc3 d5 5. g3 dxc4 6. Bg2 c6 7. Ne5 Ng4 8. Nxg4
Bxg4 9. d5 O-O 10. O-O cxd5 11. Qxd5 Qxd5 12. Bxd5 Nc6 13. Bxc4 Rac8 14. f3 Bf5
15. g4 Bc2 16. Bg5 h6 17. Bh4 g5 18. Bf2 Nd4 19. Bd5 e6 20. e3 Rxc3 21. exd4 Rc7
22. Bb3 Bxb3 23. axb3 a6 24. Be3 Rd8 25. Ra4 Rcd7 26. Rd1 e5 27. d5 Rxd5 28.
Rxd5 Rxd5 29. Kf2 Rd3 30. Rb4 b5 31. Ke2 e4 32. fxe4 Rd7 33. e5 Bxe5 34. Re4
Bxh2 35. Bd4 Kh7 36. Bc3 Bd6 37. Kf3 Re7 38. Rd4 Re6 39. Rd5 Kg6 40. Kf2 h5 41.
gxh5+ Kxh5 42. Bd2 f6 43. Bc3 Kg6 0-1

[Event "69th ch-RUS HL 2016"]
[Site "Kolomna RUS"]
[Date "2016.06.30"]
[Round "8.29"]
[White "Korniushin, Nikolay"]
[Black "Kurbedinov, Ramis"]
[Result "1/2-1/2"]
[WhiteTitle "IM"]
[BlackTitle "IM"]
[WhiteElo "2348"]
[BlackElo "2327"]
[WhiteFideId "4123808"]
[BlackFideId "14200619"]
[EventDate "2016.06.22"]

1. d4 Nf6 2. c4 e6 3. g3 Bb4+ 4. Bd2 Qe7 5. Bg2 Bxd2+ 6. Qxd2 d5 7. Nf3 Ne4 8.
Qc2 Qb4+ 9. Nbd2 Nxd2 10. Nxd2 Nc6 11. e3 dxc4 12. a3 Qb5 13. Nxc4 Bd7 14. O-O
O-O 15. Rfd1 Rac8 16. d5 Ne7 17. Ne5 Be8 18. e4 exd5 19. exd5 Qa6 20. Bh3 f5 21.
Bg2 Qf6 22. Re1 f4 23. Qe2 fxg3 24. hxg3 Nf5 25. Bh3 Rd8 26. Rad1 Qh6 27. Bxf5
Rxf5 28. Ng4 Qg5 29. Qe7 Qxe7 30. Rxe7 Bh5 31. Ne3 Rf7 32. Rxf7 Kxf7 33. g4 Bg6
34. f4 Ke7 35. Re1 Kd6 36. Nc4+ Kc5 37. Rc1 Kb5 38. Ne5 Kb6 39. Nc4+ Ka6 40. Ne5
Kb6 41. Nc4+ Ka6 42. Ne5 Kb6 1/2-1/2